Pracovná disciplína a skončenie pracovného pomeru

Pracovná disciplína zamestnanca. Pracovná disciplína a pracovný poriadok. Porušenie pracovnej disciplíny a okamžité skončenie pracovného pomeru. Formálne náležitosti výpovede pre porušenie pracovnej disciplíny. Obsahové náležitosti výpovede pre porušenie pracovnej disciplíny. Vzor skončenia pracovné...

Descrizione completa

Salvato in:
Dettagli Bibliografici
Autore principale: Hrtánek, Ladislav
Natura: Capitolo di libro
Lingua:slovacco
Soggetti:
Tags: Aggiungi Tag
Nessun Tag, puoi essere il primo ad aggiungerne!!

MARC

LEADER 00000naa a2200000 4500
001 0259122
005 20191022131900.7
041 0 |a slo 
044 |a SK 
245 1 0 |a Pracovná disciplína a skončenie pracovného pomeru  |c Ladislav Hrtánek 
520 |a Pracovná disciplína zamestnanca. Pracovná disciplína a pracovný poriadok. Porušenie pracovnej disciplíny a okamžité skončenie pracovného pomeru. Formálne náležitosti výpovede pre porušenie pracovnej disciplíny. Obsahové náležitosti výpovede pre porušenie pracovnej disciplíny. Vzor skončenia pracovného pomeru výpoveďou pre porušenie pracovnej disciplíny. 
610 2 0 |a disciplína pracovná 
610 2 0 |a poriadok pracovný 
610 2 0 |a výpoveď 
610 2 0 |a pomer pracovný 
610 2 0 |a zamestnanci 
610 2 0 |a zamestnávatelia 
610 2 0 |a zákonník práce 
100 1 |a Hrtánek, Ladislav